| 000 | 00835nam0a22002651 4500 | ||
|---|---|---|---|
| 001 | rc\200007 | ||
| 005 | 20260423154317.0 | ||
| 010 |
_a5-230-10839-8 _9600 |
||
| 035 | _a(NLR Aleph) 005453447 | ||
| 090 |
_a4881850 _c4881850 |
||
| 100 | _a20030307d1993 u y0rusy50 ca | ||
| 101 | 0 | _arus | |
| 102 | _aRU | ||
| 105 | _ay ||||||||| | ||
| 200 | 1 |
_aВведение в релятивистскую квантовую механику _fМоск. физ.-техн. ин-т |
|
| 210 |
_aМ. _cМФТИ _d1993 |
||
| 215 |
_a99 с. _d20 |
||
| 320 | _aБиблиогр.: с. 99 (7 назв.) | ||
| 700 | 1 |
_7ca _8rus _aТернов _bА. И. _gАлексей Игоревич _92706499 _3RU\NLR\AUTH\770292760 |
|
| 801 | 0 |
_aRU _bNLR _gpsbo |
|
| 801 | 1 |
_aRU _bELAR _2rusmarc |
|
| 852 |
_aNLR _j94-4/1982 |
||
| 942 | _cBOOK | ||
| 980 | _aNB | ||